000 00635cam a2200145 4500500
005 20260208002421.0
041 _afre
042 _adc
100 1 0 _aGiafferi-Dombre, Natacha
_eauthor
245 0 0 _aTassadit Yacine-Titouh, Si tu m’aimes, guéris-moi! Études d’ethnologie des affects en Kabylie, Préface de Françoise Héritier, Paris, Éd. de la Maison des sciences de l’homme, 2006, 175 p., bibl., index, fig.
260 _c2009.
500 _a75
786 0 _nL'Homme | 190 | 2 | 2009-05-01 | p. 199n-252n | 0439-4216
856 4 1 _uhttps://shs.cairn.info/revue-l-homme-2009-2-page-199n?lang=fr&redirect-ssocas=7080
999 _c1646258
_d1646258